| 000 | 00478cam a2200205ua 4500 | ||
|---|---|---|---|
| 001 | 473 | ||
| 005 | 20260515113154.0 | ||
| 008 | 110406n ii |||gr||||Z||||||eng | ||
| 020 | _a81-219-0369-6 | ||
| 040 | _cMAIN | ||
| 082 | _a320.5 | ||
| 245 |
_aPolitical theory. _cBy V.D Mahajan. |
||
| 250 | _a4th. | ||
| 260 |
_aNew Delhi.: _bS.chand.,999. |
||
| 300 | _axvi, 910 p.:5 cm. | ||
| 653 | _aPolitical science. | ||
| 653 | _aTheory. | ||
| 700 | 1 | _aMahajan, V.D., | |
| 942 | _cBK | ||
| 999 |
_c415 _d415 |
||